000 00926cam a22002175a 4500
999 _c13791
_d13791
020 _a9781913484811
082 0 4 _a032.02 G9645 2025
110 2 _aGuinness World Records Limited.
245 0 0 _aGuinness World Records 2026.
300 _a255 pages :
_billustrations (chiefly color), color photographs ;
_c31 cm
337 _aunmediated
_bn
520 _aThe 2026 edition celebrates the 70th anniversary of Guinness World Records, featuring thousands of facts and feats, jaw-dropping nature, human heroes, and tips to inspire readers to attempt their own record-breaking challenges.--
_cProvided by publisher.
526 _aREFERENCE
_d902
650 0 _aWorld records -- 21st century
650 0 _aWorld records — Miscellanea
650 0 _aCuriosities and wonders.
650 0 _aQuestions and answers.
650 7 _aREFERENCE / Curiosities & Wonders.
650 7 _aREFERENCE / Yearbooks & Annuals.
942 _2ddc
_cBK